Top 25 Facebook Games - Statistics

General Stats
  • This quiz has been taken 274 times
    108 since last reset
  • The average score is 5 of 25
Answer Stats
Hint Answer % Correct
Strategy game where you try to destroy all the jelly. Candy Crush Saga
84%
The favorite bird launching game comes to Facebook. Angry Birds Friends
45%
Play 8 ball pool with friends! 8 Ball Pool
44%
Classic Bejeweled for Facebook. Bejeweled Blitz
35%
Grow and battle in a mystical dragon utopia. Dragon City
35%
Build your empire and wage war on rival clans. Clash of Clans
29%
Play Texas Hold'Em online with friends. Texas Hold'Em Poker
26%
Run and run and dodge the trains. Subway Surfers
24%
The object hunt game where you are a crime-solving new detective. Criminal Case
19%
Strategy game where you are trying to save the captured animals. Pet Rescue Saga
18%
Like Scrabble, but with online friends. Words with Friends
18%
Be the best farmer on Facebook, but with more! FarmVille 2
17%
Be a witch and blast bubbles with your enchanted cats. Bubble Witch Saga
13%
#1 Farming Game Yet! Hay Day
11%
It's like trivial pursuit online with friends. Trivia Crack
11%
Build a vast metropolis in your image. CityVille
7%
Build a farm and be a farm hero! Farm Heroes Saga
7%
Start your own car collection and trick out your rides. Car Town
5%
Be an agent of S.H.I.E.L.D. and build a team of super heroes. Marvel: Avengers Alliance
5%
Plan and play football (soccer) games. Top Eleven-Be A Football Manager
4%
The Facebook version of the Soviet classic. Tetris Battle
3%
Clear all the diamonds on the screen. Diamond Dash
2%
Play on a pool league online. Pool Live Tour
2%
Play slots on Facebook! Slotomania Slot Machines
2%
Build your own empire and become a legend. Social Empires
2%
No matching quizzes found
Score Distribution
Percent of People with Each Score
Percentile by Number Answered
Your Score History
You have not taken this quiz since the last reset